A critical introduction to ethics. (Record no. 26594)
[ view plain ]
| 000 -LEADER | |
|---|---|
| fixed length control field | 00816cam a22002531 4500 |
| 001 - CONTROL NUMBER | |
| control field | 7949200 |
| 005 - DATE AND TIME OF LATEST TRANSACTION | |
| control field | 20050809120232.0 |
| 008 - FIXED-LENGTH DATA ELEMENTS--GENERAL INFORMATION | |
| fixed length control field | 740610s1959 xx 000 0 eng |
| 010 ## - LIBRARY OF CONGRESS CONTROL NUMBER | |
| LC control number | 59001511 |
| 035 ## - SYSTEM CONTROL NUMBER | |
| System control number | (OCoLC)911947 |
| 040 ## - CATALOGING SOURCE | |
| Original cataloging agency | DLC |
| Transcribing agency | OU |
| Modifying agency | TxLoL |
| -- | OCoLC |
| -- | DLC |
| 042 ## - AUTHENTICATION CODE | |
| Authentication code | premarc |
| 050 00 - LIBRARY OF CONGRESS CALL NUMBER | |
| Classification number | BJ1025 |
| Item number | .W44 1959 |
| 082 ## - DEWEY DECIMAL CLASSIFICATION NUMBER | |
| Classification number | 170 |
| 100 1# - MAIN ENTRY--PERSONAL NAME | |
| Personal name | Wheelwright, Philip Ellis, |
| Dates associated with a name | 1901- |
| 245 12 - TITLE STATEMENT | |
| Title | A critical introduction to ethics. |
| 250 ## - EDITION STATEMENT | |
| Edition statement | 3d. ed. |
| 260 ## - PUBLICATION, DISTRIBUTION, ETC. (IMPRINT) | |
| Place of publication, distribution, etc | New York, |
| Name of publisher, distributor, etc | Odyssey Press |
| Date of publication, distribution, etc | [c1959] |
| 300 ## - PHYSICAL DESCRIPTION | |
| Extent | xiv, 401 p. |
| Dimensions | 24 cm. |
| 650 #0 - SUBJECT ADDED ENTRY--TOPICAL TERM | |
| Topical term or geographic name as entry element | Ethics. |
| 906 ## - LOCAL DATA ELEMENT F, LDF (RLIN) | |
| a | 7 |
| b | cbc |
| c | oclcrpl |
| d | u |
| e | ncip |
| f | 19 |
| g | y-gencatlg |
| 942 ## - ADDED ENTRY ELEMENTS (KOHA) | |
| Source of classification or shelving scheme | Library of Congress Classification |
| Item type | Book |
| Withdrawn status | Lost status | Source of classification or shelving scheme | Damaged status | Not for loan | Collection code | Home library | Current library | Shelving location | Date acquired | Total Checkouts | Total Renewals | Full call number | Barcode | Date last borrowed | Price effective from | Koha item type |
|---|---|---|---|---|---|---|---|---|---|---|---|---|---|---|---|---|
| Library of Congress Classification | Non-fiction | Bishop Okullu Memorial Library (Limuru Campus) | Bishop Okullu Memorial Library (Limuru Campus) | General Circulation | 15/12/2008 | 13 | 1 | BJ1025 .W44 1959 | 013867 | 24/09/2015 | 15/12/2008 | Book |